| 000 | 00529nam a22001697a 4500 | ||
|---|---|---|---|
| 999 |
_c9021 _d9021 |
||
| 008 | 210319b ||||| |||| 00| 0 eng d | ||
| 040 | _aBMS College of Architecture | ||
| 100 | _aG, Panchajanya | ||
| 245 | _aCentre for traditional sculpture Bengaluru | ||
| 300 | _a63p. | ||
| 500 | _a1BM09AT035 | ||
| 502 |
_8B.Arch _NBMS College of Architecture, Visvesvaraya Technological University _aProject report _d2013 |
||
| 650 | _aBengalore | ||
| 700 |
_aAjaichandran C K _eGuide |
||
| 700 |
_aBhagyalaxmi M _eGuide |
||
| 942 |
_2ddc _cTHE |
||